| 000 | 00571nam a22001937a 4500 | ||
|---|---|---|---|
| 005 | 20150331052842.0 | ||
| 008 | 110901s2012 nyua b 001 0 eng | ||
| 020 | _a9780071781183 | ||
| 041 | 0 | _aeng | |
| 080 | _a658.14 DIC | ||
| 100 | 1 | _aDicks, James. | |
| 245 | 1 | 4 |
_aThe Forex edge : _cJames Dicks. |
| 260 |
_aNew York : _bMcGraw-Hill, _c2012. |
||
| 300 |
_a381 F. : _bme il.; _c24 cm. |
||
| 505 | _aIndex: f. 371 - 381 | ||
| 650 | 0 | _aTregu | |
| 650 | 0 | _aParaja | |
| 942 |
_2udc _cBK |
||
| 999 |
_c649 _d649 |
||